| 000 | 00495cam a22002051 4500 | ||
|---|---|---|---|
| 001 | sa 68006619 | ||
| 003 | DLC | ||
| 005 | 20260227112517.0 | ||
| 008 | 881102s1968 xx 000 0 hinr | ||
| 010 | _asa 68006619 | ||
| 035 | _a(OCoLC)23557566 | ||
| 040 |
_aDLC _cMiU _dDLC |
||
| 042 | _apremarc | ||
| 050 | 0 | 0 |
_aPK2098.M4639 _bC3 |
| 100 | 1 | _aMiśra, Bhavānīprasāda. | |
| 245 | 1 | 0 | _aCakita hai diḥkha. |
| 260 |
_a[n.p.] _c[1968] |
||
| 300 |
_a128 p. _c22 cm. |
||
| 500 | _aRomanized. | ||
| 999 |
_c81394 _d81394 |
||